000 00442nam a2200145Ia 4500
008 100122s9999 xx 000 0 und d
082 _b18073
_a823
100 _aमंगळवेढेकर राजा
245 _aसिध्दार्थ
260 _bप्रेस्टीज प्रकाशन
_c1905
300 _a133
630 _aसिध्दार्थ
730 _aसिध्दार्थ
942 _cBOOK
999 _c407594
_d407591